| 000 | 00631nam a2200217Ia 4500 | ||
|---|---|---|---|
| 003 | OSt | ||
| 005 | 20221007070226.0 | ||
| 006 | a|||||r|||| 00| 0 | ||
| 007 | ta | ||
| 008 | 221006b |||||||| |||| 00| 0 eng d | ||
| 024 | _a19,060 | ||
| 037 | _cTextual | ||
| 040 |
_aFLL _cFLL _beng |
||
| 041 |
_2eng _aeng |
||
| 082 | _aZ,2673g, K7 | ||
| 245 | 0 | _aModel law for development countries on marks, trade names, and acts of unfair competition | |
| 260 |
_aGeneva _bWorld intellectual property organization Geneva _c1967 |
||
| 300 |
_a109p _ccm. |
||
| 942 |
_hZ,2673g, K7 _cTEXL _2CC |
||
| 999 |
_c1139886 _d1139886 |
||